Tintin et les chiffres dans les albums - Statistiques

Statistiques générales
  • Ce quiz a été pris 66 fois
  • Le résultat moyen est 10 sur 18
Answers on the Grid
Answers color-coded by a green-red scale on the quiz's grid according to % correct below.
714
22/23/24 (dates de carnaval)
1000
4173 (n° de vol)
7
421 (numéro de tél)
Millions
2025 (date de la fin du monde)
Milliards
20 (vin)
1984
100 (sans)
14 (aspirine n°)
17958
26 (rue)
3 (nombre de sarcophages jetés à la mer)
50000 (dollars ou yens)
9 (neuf)
1 (un)
160.891/168091 (plaque d’immatriculation)
25 (francs)
4 (fait partie de l'un des jurons de Haddock)
 
Statistiques - réponses
Réponse % Correct
714
97%
7
75%
Milliards
75%
Millions
64%
3 (nombre de sarcophages jetés à la mer)
61%
160.891/168091 (plaque d’immatriculation)
58%
26 (rue)
56%
1 (un)
50%
25 (francs)
50%
421 (numéro de tél)
50%
20 (vin)
47%
14 (aspirine n°)
44%
22/23/24 (dates de carnaval)
44%
100 (sans)
42%
1000
39%
4 (fait partie de l'un des jurons de Haddock)
39%
50000 (dollars ou yens)
39%
9 (neuf)
31%
Aucun quiz correspondant
Distribution des résultats
% des personnes avec chaque résultat
Percentile par nombre de réponses
Votre historique - résultats
Vous n’avez pas pris ce quiz